00592nam a2200205Ia 4500003000400000005001700004008004100021020001800062040001800080041000800098082002100106100002100127245006300148250001200211260005700223300003000280650001800310650003100328650002700359OSt20251230143847.0210716s1999 xx 000 0 und d a9788120315624 cAIMIT LIBRARY aeng a006.37 21bSHEP aSheriff, Paul D. aPaul sheriff teaches visual basic 6 /cBy Paul D Sheriff. a1st ed. aNew Delhi :bPrentice Hall of India Pvt Ltd ,c1999. axxiv,806p. ;bPBc23.9 cm aEvents happen aArrays types and constants aCreating class modules